00428nam a2200145Ia 4500003000400000005001700004008004100021020001800062040000900080082002000089100001900109245009600128260004800224300001000272OSt20200623151739.0190216s9999||||xx |||||||||||||| ||und|| a9780195695304 coclc a954.0359bPRA/T aPrasad, Bimal  0aTowards Freedom :bDocuments On the Movement for Independence in India 1945 /cBimal Prasad bOxford University Press,c2008.aNew Delhi: a1081p